000 00482nam a2200181Ia 4500
005 20250326125221.0
008 250326s9999 xx 000 0 und d
037 _aTextbook
040 _aFMSL
_beng
_cFMSL
041 _aeng
_2eng
084 _aX:8DR L01
_qFMSL
100 _aWeinberg S
_9738677
245 0 _aProfit through quality
_cWeinberg S
260 _aLondon
_bLondon, Gower
_c1970
300 _a169p
942 _cTB
_hX:8DR L01
999 _c1277054
_d1277054